Kraje Przez Ktore Przeplywa Nil - Statystyki

Ogólne statystyki
  • Ten quiz został rozwiązany 48 razy
  • Średni wynik to 6 z 8
Statystyki odpowiedzi
Odpowiedź % Poprawnych
Egipt
100%
Sudan
93%
Etiopia
88%
Sudan poludniowy
88%
Rwanda
71%
Uganda
71%
Tanzania
69%
Burundi
62%
Nie znaleziono quizów pasujących do podanych kryteriów
Rozkład punktacji
Procent ludzi z każdym wynikiem
Percentyl według liczby udzielonych odpowiedzi
Twoja historia wyników
Nie rozwiązałeś tego quizu